1621 1830 1349 1135 1651 1653 1273 1273 1436 1993 1915 1494 1436 1720 1888 1317 1556 1228 1199 1065 1246 1039 1023 1344 1178 1923 1048 1045 1191 1234 1146 1587 1698 1608 1180 1748 1392 1947 1099 1875 1627 1371 1214 1158 1182 1484 1945 1031 1887 1539 1313 1493 1074 1121 1730 1452 1794 1031 1239 1414 1584 1751 1969 1170 1420 1923 1997 1439 1856 1245 1556 1943 1520 1358 1165 1181 1670 1276 1713 1495 1155 1868 1834 1223 1867 1275 1165 1773 1192 1444 1904 1105 1557 1213 1828 1403 1126 1134 1577 BCNSPRNW ULIB Ver.6.0+V

เปลี่ยนเป็นภาษาไทย

Change to English
 แสดงรายละเอียดบรรณานุกรม
  กลับหน้าหลัก

Brief Record : Get Marc (ISO 2709) : E-mail record : QR code < ปิดหน้าต่าง
LEADER : 00000nam 2200000uu 4500
001    13399125641
003     ULIB
008    170712s2559||||th 000 0 tha d
020    ^a9786160825745
060  0 ^aWB327^bม273ห
100 0  ^aมาริออท, ซูซานนนห์
245 10 ^a1001 วิธี สวย สุขภาพดี ชีวีอ่อนเยาว์ / ^cซูซานนนห์ มาริออท ; ภัทรวรรณ ธาดาดลทิพย์, ผู้แปล
260    ^aกรุงเทพฯ:^bซีเอ็ดยูเคชั่น,^c2559
300    ^a343 หน้า : ^bภาพประกอบ ;^c21 ซม.
650  4 ^aสุขภาพ
700 0  ^aภัทรวรรณ ธาดาดลทิพย์, ^eผู้แปล
945    ^p345^l0^i002619
999    ^aประนอม เกษจรัล
รายการนี้ยังไม่มีแท็ก
คุณยังไม่ได้ล็อกอิน คุณสามารถมีกิจกรรมร่วมกับเว็บไซต์ได้ แต่ต้องล็อกอินก่อน ::
  ล็อกอิน

รายการสื่อสารสนเทศ

ลำดับที่ ประเภท เลขเรียก/บาร์โค้ด สถานที่ สถานะ
1. วิทยาศาสตร์การแพทย์ และสุขภาพ
วิทยาศาสตร์การแพทย์ และสุขภาพ
สถานะ=หนังสือเก่า
WB327 ม273ห ฉ.1 
  Barcode: 002619
ห้องสมุดวิทยาเขตสวรรค์ประชารักษ์
►ส่วนจัดเก็บหนังสือเก่า สปร
บนชั้น
  ขอยืม

รายการใกล้เคียง
    ผู้แต่ง [มาริออท, ซูซานนนห์]

    หัวเรื่อง [สุขภาพ]

BibComment


ยังไม่เคยถูกคอมเมนท์

คอมเมนท์ทรัพยากรรายการนี้
  คอมเมนท์: 1001 วิธี สวย สุ..


 Copyright 2026. Bcnsprnw @Library